| 000 | 00707nam a2200217 a 4500 | ||
|---|---|---|---|
| 001 | 000010302 | ||
| 005 | 20240412074216.0 | ||
| 008 | 091006s2004 dr 001 p spa d | ||
| 020 | _a9993479276 | ||
| 040 |
_aDO-SdBNP _bspa _cBNPHU |
||
| 082 |
_aRD861.44 _bH557su |
||
| 100 | 1 |
_aHernández, Clara Isael _925320 |
|
| 245 | 1 | 0 |
_aEn los surcos del tiempo / _cClara Isael Hernández ; edición Tomás Castro Burdiez. |
| 260 |
_aSanto Domingo : _bCiguapa, _c2004. |
||
| 300 |
_a78 p. ; _c23 cm. |
||
| 590 | _aInventariado, 2018/LP | ||
| 650 | 0 |
_aPoesía dominicana _966 |
|
| 650 | 0 |
_aLiteratura dominicana. _967 |
|
| 700 |
_aCastro, Tomás, _d1959- _eed. _924641 |
||
| 910 | _aValidado. Control de calidad BNPHU | ||
| 999 |
_c10061 _d10061 |
||